000 00910nas a2200277 4500
001 BR0808954
003 BR-BrBNA
005 20231205112238.0
007 ta
008 230509b bl.|||p| |||| 00| 00por d
040 _aBR-BrBNA
_bpor
_cBiblioteca Nacional de Agricultura
041 _a(Pt)
072 _aL51; L02; L01
100 1 _aCunha, M. das G.G.
100 1 _aCarvalho, F.F.R. de
100 1 _aVéras, A.S.C.
100 1 _aBatista, A.M.V.
245 1 _aDesempenho e digestibilidade aparente em ovinos confinados alimentados com dietas contendo níveis crescentes de caroço de algodão integral
650 _aGANHO DE PESO
650 _aOVINO
650 _aGOSSIPOL
650 _aCONSUMO ALIMENTAR
773 0 _tRevista Brasileira de Zootecnia (Brazil)
_xISSN 1516-3598
_g(Jun 2008), v. 37(6) p. 1103-1111
_wBR0808954
909 _a202311
_bLúcia
_c55
_dLúcia Elande
942 _2AGRIS
_n0
_cANA
999 _c196949
_d196949